Famous Men - Statistics

General Stats
  • This quiz has been taken 25 times
  • The average score is 3 of 14
Answer Stats
Picture Answer % Correct
Ronald Reagan
94%
Roman Turek
28%
Davide Bresadola
17%
Jarno Trulli
17%
Nikola Pasic
17%
Owen Nolan
17%
Rauno Sappinen
17%
Andrei Mezin
11%
Peter Dumbreck
11%
Radik Zhaparov
11%
Sebastien Buemi
11%
Sergey Sirotkin
11%
Timo Glock
11%
Mindaugas II
0%
No matching quizzes found
Score Distribution
Percent of People with Each Score
Percentile by Number Answered
Your Score History
You have not taken this quiz